01623cam a22003977a 4500001000500000005001700005020002400022020002100046020002500067020002200092040003700114050002500151082001200176100001800188245013600206246006900342246002300411260004700434300005600481500004600537505000600583520025800589521001800847521001800865650003100883650004500914650003600959650002100995650002201016650004301038650002801081650002901109700002501138700001801163700004401181160920230911124356.0 a9780547242842 (hc.) a0547242840 (hc.) a9780547242859 (pbk.) a0547242859 (pbk.) aLKRcLKRdBTCTAdDLCdFISKHbeng00aPZ7.P42583bCti 201104a[E]2221 aPerez, Monica10aCurious George and the ice cream surprise /cwritten by Monica Perez ; illustrated in the style of H. A. Rey by Mary O'Keefe Young.3 aMargret and H.A. Rey's Curious George and the ice cream surprise30aIce cream surprise aBoston :bHoughton Mifflin Harcourt,c2011 a11 unnumbred pages :bcolor illustrations ;c22 cm. aAt head of title: Margret and H.A. Rey's. aD aGeorge is looking for a way to beat the summer heat. Swimming, running through sprinklers, a glass of lemonade--none is able to help George cool off! What George really wants is a sweet, cold treat from the ice cream truck! But will he ever catch it? a270 bLexile aD bRaz-Plus 0aMonkeysvJuvenile fiction. 0aIce cream, ices, etc.vJuvenile fiction. 1aIce cream, ices, etc.vFiction. 1aSummervFiction. 1aMonkeysvFiction. 7aIce cream, ices, etc.vFiction.2sears 7aSummervFiction.2sears 7aMonkeysvFiction.2sears1 aYoung, Mary O'Keefe.1 aRey, Margret.1 aRey, H. A.q(Hans Augusto),d1898-1977.